=LDR 00000nam 2200000 4500 =001 INLIS000000000002047 =005 20130612090422 =008 ***********************************Ind** =035 ##$$0010-061300000002047 =041 ##$$a Ind =082 ##$$a 615.8 =090 ##$$a 615.8, Faz p =100 ##$$a Faz, Tabib Abi =245 ##$$a Penyembuhan mjaab dengan ikmah al-quran, abib Abi Fath =260 ##$$a 1998 $b Demak =300 ##$$a 72 hlm, 21 cm =650 ##$$a Terapi fisik =850 ##$$a NBPNMAT